MDQL
is popping MORE tags! Check the
thread
!
Quizzes
Events
Quiz Creation
Community
Videos
Private Events
Remove Ads
Sign In
Join for FREE
Feedback
Dark Mode
Quiz Categories
Sports
Geography
Music
Movies
Television
Just For Fun
Miscellaneous
History
Literature
Language
Science
Gaming
Entertainment
Religion
Holiday
For Kids
Quiz Lab
Recent
Popular Today
Quiz Kudos Today
Editor Picks
Curator Picks
Quizzes by...
Day
Popularity
Type
Ratings
Length
Year
Community
Subscriptions
Recent Discussions
Orange Saloon
Badges
Playlists
Quests
Create
Leaderboards
Showdown
Live 5
Trivia Bingo
Activity
Puzzle Library
Sporcle Events
Private Events
Virtual Trivia
Globe League
Become a Host
Pub Owners
SporcleCon
Opinionation
Our Games
Videos
Blog
Mobile Apps
Partnerships
Remove Ads and Go Orange
Feedback
Geography
Country
Landmarks
City
State
Population
World
Capital
Continent
Flags
Europe
Africa
Asia
South America
North America
Oceania
Border
Canada
United Kingdom
Topography
United States
Geography
Country
Landmarks
City
State
Population
World
Capital
Continent
Flags
Europe
Africa
Asia
South America
North America
Oceania
Border
Canada
United Kingdom
Topography
United States
Random Quiz
Search Sporcle
×
Quiz Lab
Quiz Lab
Geography
United States
Type in answers that appear in a list
Type in answers that appear in a list
Classic
Best Score? Go Orange.
U.S. State Elevation: High to Low Stats
Can you name the U.S. states in order of highest elevation (high to low)?
By
ben510
12m
50 Questions
160 Plays
160 Plays
160 Plays
Comments
Comments
Give Quiz Kudos
Give Quiz Kudos
-
- Ratings
hide this ad
Forced Order
Answers have to be entered in order
Answers have to be entered in order
Replay
Link that replays current quiz
Next Quiz
Link to next quiz in quiz playlist
You Got
0%
They Got
Avg Score
78%
Avg Friend Score
Upgrade to see
Score Distribution
Jump to the score distribution portion of the page
Score
0/50
Timer
12:00
0
Plays Today
Rank
State
% Correct
1
Alaska
98.8%
3
Colorado
98.1%
2
California
96.9%
4
Washington
95%
5
Wyoming
93.8%
6
Hawaii
93.8%
7
Utah
93.8%
8
New Mexico
92.5%
10
Montana
92.5%
12
Arizona
91.9%
9
Nevada
91.3%
11
Idaho
91.3%
13
Oregon
89.4%
14
Texas
87.5%
15
South Dakota
86.9%
17
Tennessee
83.1%
16
North Carolina
81.3%
18
New Hampshire
79.4%
21
New York
78.8%
19
Virginia
78.1%
22
Maine
78.1%
23
Oklahoma
78.1%
24
West Virginia
78.1%
20
Nebraska
77.5%
26
Vermont
76.3%
Rank
State
% Correct
28
Kansas
76.3%
50
Florida
76.3%
49
Delaware
75.6%
48
Louisiana
73.8%
25
Georgia
73.1%
27
Kentucky
72.5%
47
Mississippi
72.5%
30
North Dakota
71.9%
32
Maryland
71.3%
46
Rhode Island
71.3%
33
Pennsylvania
70.6%
35
Alabama
70.6%
31
Massachusetts
70%
37
Minnesota
70%
39
Wisconsin
70%
42
Iowa
69.4%
29
South Carolina
68.8%
36
Connecticut
68.8%
43
Ohio
68.8%
38
Michigan
68.1%
44
Indiana
68.1%
34
Arkansas
67.5%
41
Missouri
66.9%
45
Illinois
66.3%
40
New Jersey
63.8%
Quiz Playlist
Details
Report
Send in Message
Add To Playlist
Classic:
Type in answers that appear in a list
Forced Order:
Answers have to be entered in order
Quiz Source
Last Updated: Feb 16, 2017
Quiz Scoreboard
CHALLENGE
Sign Up to Join the Scoreboard
Show All
Scores
Hide
Comments
May contain spoilers
Recently Published
Image Sorting: Flags VI
by Barbecue
Geography
2m
Find the 'City' Movie
by crazypaving
Movies
60s
Colored Red Africa Blitz
by spor1
Geography
45s
More to Explore
Quiz From the Vault
Featured Blog Post
14 Easter Pick-up Lines to Find Eggs With
hide this ad
You Might Also Like...
Tags
United States Quiz
Elevation
Today's Top Quizzes in Geography
Browse Geography
hide this ad
Today's Top Quizzes in United States
Browse United States
Top Contributed Quizzes in Geography
1
Colored Red Europe Blitz I
2
Countries of the World - No Outlines Minefield
3
Colored Red Africa Blitz II
4
Colored Red Europe Blitz II
5
Colored Red Europe Blitz III
6
Colored Red Africa Blitz III
7
Colored Red States Blitz I
8
A Different View: World Oceans
9
Colored Red States Blitz II
10
Colored Red States Blitz III
Explore More
Trending Topics
Marvel
Kpop
Harry Potter
Anime
Crossword
NBA
Disney
Pokémon
WWE
Soccer
The Office
Puzzle
Song
Country
NFL
hide this ad
More By:
ben510
Quiz
Plays
Rating
Category
Featured
Created
U.S. States with highest Asian population
347
4.00
Geography
Feb 14, 2012
LSU Passers (1995-2010)
294
Sports
Jul 16, 2010
University of Texas Passers (2000-2010)
257
2.25
Sports
Jul 16, 2010
Most Popular BART stations
255
4.50
Geography
Feb 16, 2011
U.S. State Average Elevation: High to Low
241
4.50
Geography
Aug 3, 2011
Go to Creator's Profile
Score Distribution
Quiz Creator Spotlight
ben510
Follow
Send a Message
Quizzes Created
-
Created Quiz Play Count
-
More By This Creator
Popular Quizzes Today
1
Colored Red Africa Blitz
2
Find the US States - No Outlines Minefield
3
Find the 'City' Movie
4
5x2 Blitz: Bands
5
The Countries of the World
6
Find the US States
7
Find the Countries of Europe - No Outlines Minefield
8
US States
More Geography Quizzes
Criteria 'Z' Cities
Published
Trending Quizzes
Colored Red Europe Blitz I
Colored Red Europe Blitz II
Colored Red Africa Blitz II
Colored Red Europe Blitz III
Colored Red Africa Blitz III
Recently Updated
How Do You Spell That?
pecheneg
Godzilla Movies
pecheneg
Grab Bag: 4-10 Letters
pecheneg
2024 March Madness Bracket
pecheneg
Famous TV Couples
Peacemaker
Champions League XIs: Real Madrid
pecheneg
Largest US Cities 1790-2010
pecheneg
Rides in Walt Disney World
pecheneg
Most Oscar Losses (Acting)
pecheneg
Beyoncé Albums
pecheneg
Trending Topics
NBA
Kpop
Crossword
Anime
Harry Potter
Marvel
Disney
Pokémon
Soccer
The Office
Song
WWE
Puzzle
Country
NFL
Your Account Isn't Verified!
In order to create a playlist on Sporcle, you need to verify the email address you used during registration. Go to your
Sporcle Settings
to finish the process.
Report this User
Report this user for behavior that violates our
Community Guidelines
.
Details:
Send Report
Go to the Sporcle.com Mobile Site →
Comments